000 00445nam a22001697a 4500
005 20250206153459.0
008 250206b |||||||| |||| 00| 0 eng d
020 _a9780801038181
050 _aBD 21 GEI
_b1
100 _aGEISLER, L. Nornam
245 _aIntroduction to philosophy:
_bA christian perspective
260 _aMichigan
_bBaker Books
_c1980
300 _a447p
500 _aindex
700 _aFEINBERG, D.Paul
942 _2lcc
_cBK
_n0
999 _c3488
_d3488